[Event "Druzynowe Mistrzostw Polski Juniorow - II Liga"]
[Site "Wroclaw"]
[Date "1899-12-30"]
[Round "5.16"]
[White "Stanik, Szymon"]
[Black "Karaszewski, Gabriel"]
[Result "0-1"]
[WhiteTitle "II"]
[BlackTitle "II"]
[WhiteElo "1249"]
[BlackElo "1560"]

1. e4 c5 2. Nf3 d6 3. Bb5+ Bd7 4. Bxd7+ Qxd7 5. O-O Nf6 6. Re1 Nc6 7. c3 e6 8.
d4 cxd4 9. cxd4 d5 10. e5 Ne4 11. Nbd2 Nxd2 12. Bxd2 Be7 13. a3 O-O 14. Rc1 f6
15. Qe2 Rae8 16. Bc3 fxe5 17. Nxe5 Nxe5 18. Qxe5 Bd6 19. Qe2 Qe7 20. Qd3 Qg5 21.
g3 a6 22. Rc2 Rf6 23. Kh1 Qg4 24. Qf1 Rf3 25. Qg2 Ref8 26. Rce2 R8f6 27. Kg1 Qf5
28. g4 Qg5 29. Rf1 Qh4 30. Bd2 Rg6 31. g5 Bf4 32. Bxf4 Rxf4 33. Kh1 Rxg5 34. Qxg5
Qxg5 35. Rxe6 Qg4 36. Re3 Rf3 37. Re8+ Kf7 38. Rfe1 Qd7 39. R8e2 Rd3 40. Re3 Rxe3
41. Rxe3 Qg4 42. b4 Qxd4 43. Kg2 Qb2 44. Kf3 d4 45. Rd3 Ke6 46. Ke4 Qxf2 47. Rxd4
Qe2+ 48. Ke5+ Kxe5 0-1

[Event "Druzynowe Mistrzostw Polski Juniorow - II Liga"]
[Site "Wroclaw"]
[Date "1899-12-30"]
[Round "5.17"]
[White "Szachniewicz, Weronika"]
[Black "Pisarek, Elzbieta"]
[Result "1/2-1/2"]
[WhiteTitle "I"]
[BlackTitle "I++"]
[WhiteElo "1305"]
[BlackElo "1804"]

1. e4 c5 2. Nf3 d6 3. d4 cxd4 4. Nxd4 Nf6 5. Nc3 g6 6. f3 Bg7 7. Be3 O-O 8. Qd2
Nc6 9. Nb3 a6 10. O-O-O b5 11. Bh6 Ne5 12. Bxg7 Kxg7 13. Nd5 Nxd5 14. Qxd5 Be6
15. Qd4 Kg8 16. Be2 Rc8 17. Kb1 Qc7 18. c3 Rb8 19. f4 Nc6 20. Qd2 b4 21. Rhf1
bxc3 22. Qxc3 Qb6 23. Rf3 Rfc8 24. f5 Bxb3 25. Qxb3 Qc5 26. Qc3 Ne5 27. Qxc5 Rxc5
28. Re3 a5 29. Rc1 Rbc8 30. Rec3 Nd7 31. Rxc5 Nxc5 32. Rc4 Rb8 33. fxg6 hxg6 34.
e5 Rb6 35. exd6 exd6 36. Kc2 Kf8 37. a3 Ke7 38. g4 g5 39. Bf3 Ke6 40. Bd1 Ke5
41. Bf3 a4 42. Rb4 Rxb4 43. axb4 Nd7 44. Kc3 d5 45. b5 Nb6 46. Kb4 d4 47. Kc5
1/2-1/2

[Event "Druzynowe Mistrzostw Polski Juniorow - II Liga"]
[Site "Wroclaw"]
[Date "1899-12-30"]
[Round "5.18"]
[White "Gajda, Anna"]
[Black "Miklosz, Malgorzata"]
[Result "0-1"]
[WhiteTitle "II"]
[BlackTitle "I"]
[WhiteElo "1073"]
[BlackElo "1255"]

1. e4 c5 2. Nf3 e6 3. d4 cxd4 4. Nxd4 Nf6 5. Nc3 Qb6 6. e5 Bc5 7. exf6 Bxd4 8.
fxg7 Bxf2+ 9. Ke2 Rg8 10. Ne4 Bh4 11. Nd6+ Ke7 12. Nxc8+ Rxc8 13. g3 Bf6 14. Bg2
Bxg7 15. Be3 Qb5+ 16. Ke1 Nc6 17. Rb1 Nb4 18. c3 Nd3+ 19. Kd2 Ne5 20. Qe2 Qxe2+
21. Kxe2 d5 22. Rhc1 Nc4 23. Bf2 Rc7 24. b3 Na3 25. Rb2 Rac8 26. Ke1 Bxc3+ 27.
Rxc3 Rxc3 28. Bxa7 Nb5 29. Bf2 Nd6 30. a4 Rc2 31. Rxc2 Rxc2 32. b4 Rb2 33. b5
Ra2 34. a5 Rxa5 35. b6 Ra2 36. h4 Ne4 37. Bxe4 dxe4 38. Bc5+ Kd7 39. Be3 Kc6 40.
Kf1 Kd5 41. Ke1 Kc4 42. Kd1 Kd3 43. Bf4 Ra1+ 44. Bc1 e3 0-1

[Event "Druzynowe Mistrzostw Polski Juniorow - II Liga"]
[Site "Wroclaw"]
[Date "1899-12-30"]
[Round "5.19"]
[White "Owoc, Jakub"]
[Black "Borowik, Wojciech"]
[Result "1/2-1/2"]
[WhiteTitle "I"]
[BlackTitle "I++"]
[WhiteElo "1756"]
[BlackElo "1746"]

1. e4 c5 2. c3 d6 3. d4 Nf6 4. dxc5 Nc6 5. cxd6 Nxe4 6. Be3 Nxd6 7. Nf3 e5 8. Nbd2
Be6 9. Ng5 Bf5 10. Nc4 h6 11. Nf3 Qf6 12. Qb3 Nxc4 13. Bxc4 Be7 14. O-O O-O 15.
Bd5 Rad8 16. Rad1 e4 17. Nd4 Bg4 18. Rd2 Qg6 19. Ne2 Bd6 20. Ng3 Bxg3 21. hxg3
Ne5 22. Rd4 Nf3+ 23. gxf3 Bxf3 24. Bxf7+ Qxf7 25. Qxf7+ Kxf7 26. Kh2 Rxd4 27.
Bxd4 Rd8 28. g4 Bxg4 29. b4 a6 30. a4 Bf3 31. b5 axb5 32. axb5 Ra8 33. Rb1 g5
34. b6 Ra5 35. Be3 Ke6 36. Bd4 g4 37. Kg3 Kd5 38. Rb4 h5 39. Be3 Kc6 40. Rc4+
Kd6 41. Rc7 Ra1 42. Bf4+ Ke6 43. Be3 h4+ 44. Kxh4 Kf5 45. Rc5+ Kf6 46. Kg3 Rb1
47. Kf4 Be2 48. Kxe4 Ba6 49. Rg5 Be2 50. Bf4 Bf3+ 51. Kd4 Rxb6 52. Rg8 Re6 53.
Bg3 Kf7 54. Rg5 Rg6 55. Rh5 Ra6 56. c4 Kg6 57. Re5 Rd6+ 58. Kc5 Rf6 59. Re3 Rc6+
60. Kb5 Ra6 61. Rc3 Re6 62. Kc5 Kf5 63. Rd3 Rc6+ 64. Kb5 Re6 65. Rd2 Re7 66. Kb6
Re6+ 67. Bd6 Re2 68. Rxe2 Bxe2 69. Kxb7 Bxc4 70. Bg3 Be2 1/2-1/2

[Event "Druzynowe Mistrzostw Polski Juniorow - II Liga"]
[Site "Wroclaw"]
[Date "1899-12-30"]
[Round "5.20"]
[White "Borowik, Karol"]
[Black "Krupinski, Mikolaj"]
[Result "1/2-1/2"]
[WhiteTitle "II"]
[BlackTitle "I"]
[WhiteElo "1412"]
[BlackElo "1747"]

1. d4 c5 2. d5 d6 3. e4 g6 4. Nf3 Bg7 5. Nc3 Bg4 6. Bb5+ Nd7 7. h3 Bxf3 8. Qxf3
a6 9. Be2 b5 10. a4 b4 11. Nb1 Ngf6 12. Nd2 O-O 13. O-O Nb6 14. a5 Nbd7 15. Nc4
Qc7 16. c3 bxc3 17. bxc3 Ne5 18. Nxe5 dxe5 19. Bc4 Ne8 20. Qe2 Nd6 21. Bd3 c4
22. Bc2 Nb7 23. Ba3 Nxa5 24. Bxe7 Qxe7 25. Rxa5 Rfc8 26. Rfa1 Qb7 27. Ba4 Ra7
28. Bc6 Qb3 29. R5a3 Qb6 30. Qxc4 Bf8 31. Rxa6 Rxa6 32. Qxa6 Qb2 33. Qxc8 Qxa1+
34. Kh2 Qxc3 35. d6 Kg7 36. d7 Be7 37. Bd5 Qd2 38. Qc7 Qg5 39. d8=Q Qf4+ 40. Kg1
Bxd8 41. Qxd8 Qc1+ 42. Kh2 Qf4+ 43. Kg1 Qc1+ 44. Kh2 Qf4+ 45. Kg1 Qc1+ 46. Kh2
Qf4+ 47. Kg1 1/2-1/2

[Event "Druzynowe Mistrzostw Polski Juniorow - II Liga"]
[Site "Wroclaw"]
[Date "1899-12-30"]
[Round "5.21"]
[White "Piatek, Szymon"]
[Black "Bartnik, Michal"]
[Result "1-0"]
[WhiteTitle "II"]
[BlackTitle "II+"]
[WhiteElo "1322"]
[BlackElo "1591"]

1. e4 c5 2. Nf3 e6 3. d4 cxd4 4. Nxd4 Nf6 5. Bd3 Nc6 6. Nxc6 bxc6 7. O-O d5 8.
Nd2 Be7 9. b3 e5 10. Bb2 Qc7 11. Qe2 d4 12. h3 g5 13. Kh2 h5 14. Nc4 h4 15. Bc1
Nh5 16. Rg1 f6 17. f3 Bd7 18. Bd2 Nf4 19. Qf2 Kf7 20. Rac1 Rag8 21. Bxf4 gxf4
22. c3 c5 23. cxd4 cxd4 24. Qe2 Kf8 25. Ne3 Qd6 26. Nd5 Rg3 27. Bb5 Be6 28. Rc6
d3 29. Qxd3 Rhg8 30. Rxd6 Bxh3 31. gxh3 Rxg1 32. Qc2 R8g2+ 33. Qxg2 Rxg2+ 34.
Kxg2 Bxd6 35. Nxf6 Kf7 36. Ng4 Ke6 37. Nf2 Bc5 38. Nd3 Bd4 39. Kf1 Kd6 40. Ke2
Kc7 41. Kd2 Kb6 42. a4 a6 43. Be8 Ka5 44. b4+ Kb6 45. Kc2 Kc7 46. Kb3 Kb6 47.
Kc4 Ba1 48. Kd5 Bc3 49. b5 Ka5 50. bxa6 Kxa6 51. Nxe5 Bd2 52. Ng6 Kb6 53. Nxh4
Kc7 54. Ng6 Kd8 55. Bb5 Kc7 56. h4 Kd8 57. h5 Bc3 58. h6 Kc7 59. h7 Bf6 60. e5
Bg7 61. Ke4 Kd6 62. exd6 1-0

[Event "Druzynowe Mistrzostw Polski Juniorow - II Liga"]
[Site "Wroclaw"]
[Date "1899-12-30"]
[Round "5.22"]
[White "Wawrukiewicz, Szymon"]
[Black "Gruca, Karol"]
[Result "1-0"]
[WhiteTitle "II"]
[BlackTitle "II"]
[WhiteElo "1307"]
[BlackElo "1346"]

1. d4 Nf6 2. Nf3 g6 3. Bf4 Bg7 4. c3 O-O 5. Nbd2 d6 6. e4 Nbd7 7. Bg3 c5 8. Bd3
Nh5 9. dxc5 Nxc5 10. Bc2 Nxg3 11. hxg3 b6 12. Qe2 Ba6 13. Qe3 Qd7 14. Nd4 e5 15.
N4f3 Qb5 16. O-O-O Nd3+ 17. Bxd3 Qxd3 18. Qg5 Rac8 19. Nb1 Qxe4 20. Rh4 Qc6 21.
Rdh1 f6 22. Qg4 f5 23. Qh3 h5 24. Ng5 Be2 25. f3 Qc5 26. Rxh5 Qe3+ 27. Nd2 Bh6
28. Rxh6 Qxg5 29. Rh8+ Kf7 30. Qh7+ Ke6 31. Rxf8 Rxf8 32. Qxa7 Qxg3 33. Qxb6 Qxg2
34. Rg1 Qh2 35. Rxg6+ Kf7 36. Rg1 Ke6 37. Qa7 Qh5 38. Qf2 Bd3 39. Qe3 Qh2 40.
Re1 Bb5 41. f4 e4 42. Nf3 Qg2 43. Nd4+ Kf7 44. Nxb5 Rh8 45. Qe2 Qg3 46. Qe3 Qg6
47. Rg1 Qe6 48. Qa7+ Qe7 49. Rg7+ 1-0

[Event "Druzynowe Mistrzostw Polski Juniorow - II Liga"]
[Site "Wroclaw"]
[Date "1899-12-30"]
[Round "5.23"]
[White "Szopa, Emilia"]
[Black "Gladyszewska, Kinga"]
[Result "1-0"]
[WhiteTitle "I++"]
[BlackTitle "I"]
[WhiteElo "1816"]
[BlackElo "1225"]

1. e4 e5 2. Nf3 Nc6 3. Bc4 Nf6 4. d3 h6 5. Nbd2 d6 6. c3 g6 7. Nf1 Bg7 8. Ne3 O-O
9. h3 a6 10. Bb3 Na5 11. Bc2 c5 12. O-O Nc6 13. Nh2 Kh7 14. Qf3 Nh5 15. Nd5 f5
16. exf5 Rxf5 17. Qe2 Nf4 18. Nxf4 exf4 19. d4 Rf8 20. dxc5 dxc5 21. Qc4 Ne5 22.
Qxc5 Bf5 23. Bxf5 Rxf5 24. Qb4 b5 25. a4 Rb8 26. axb5 axb5 27. Qe4 Qf8 28. Nf3
Nxf3+ 29. Qxf3 b4 30. Ra7 Kh8 31. Rd1 Rf7 32. Rxf7 Qxf7 33. Bxf4 Rf8 34. Bd6 Qxf3
35. gxf3 Rd8 36. cxb4 Kh7 37. Rd2 Be5 38. Bxe5 Rxd2 39. Bc3 Rd5 40. Kg2 Kg8 41.
f4 Kf7 42. Kf3 Ke6 43. Ke4 Rh5 44. Be5 Rxh3 45. f3 Rh1 46. b5 Re1+ 47. Kd4 Rd1+
48. Kc5 Kd7 49. b6 Kc8 50. Kc6 Rc1+ 51. Bc3 h5 52. b7+ Kb8 53. Kb6 Rxc3 54. bxc3
h4 55. c4 h3 56. c5 1-0

[Event "Druzynowe Mistrzostw Polski Juniorow - II Liga"]
[Site "Wroclaw"]
[Date "1899-12-30"]
[Round "5.24"]
[White "Borowik, Monika"]
[Black "Pajak, Patrycja"]
[Result "1-0"]
[WhiteTitle "I"]
[BlackTitle "I"]
[WhiteElo "1380"]
[BlackElo "1078"]

1. d4 d6 2. c4 e5 3. e3 Nf6 4. Nc3 Nbd7 5. Nf3 g6 6. g3 Bg7 7. Bg2 O-O 8. O-O Rb8
9. Qc2 c6 10. Rd1 Qc7 11. e4 Re8 12. dxe5 dxe5 13. h3 Nb6 14. b3 h6 15. Be3 Kh7
16. a4 a6 17. a5 Nbd7 18. b4 b6 19. axb6 Nxb6 20. c5 Nbd7 21. Rab1 Bb7 22. Nd2
Rbd8 23. Nc4 Nb8 24. Nd6 Rg8 25. Qb3 Rd7 26. Rd3 Rgd8 27. Rbd1 Bf8 28. Na4 Bxd6
29. cxd6 Rf8 30. Bb6 Qc8 31. Nc5 Kg7 32. Nxd7 Nbxd7 33. Be3 Qd8 34. Rc1 Qa8 35.
Qb2 Re8 36. Qd2 Rh8 37. Kh2 Kh7 38. f3 Qe8 39. Qa2 Nb8 40. Qa5 Qd7 41. Qxe5 Kg7
42. Bd4 Qd8 43. Qxf6+ Qxf6 44. Bxf6+ Kxf6 45. f4 Rd8 46. e5+ Ke6 47. h4 f6 48.
Bh3+ f5 49. g4 Nd7 50. gxf5+ gxf5 51. Rg3 h5 52. Rg6+ Kd5 53. e6 Kxd6 54. exd7+
1-0

[Event "Druzynowe Mistrzostw Polski Juniorow - II Liga"]
[Site "Wroclaw"]
[Date "1899-12-30"]
[Round "5.25"]
[White "Haliniak, Wojciech"]
[Black "Bauer, Marika"]
[Result "1-0"]
[WhiteTitle "I"]
[BlackTitle "II"]
[WhiteElo "1827"]
[BlackElo "1142"]

1. a3 e5 2. e3 d5 3. d4 exd4 4. exd4 Nf6 5. Nc3 Bf5 6. Bd3 Bxd3 7. Qxd3 c6 8. Bg5
h6 9. Bh4 Nbd7 10. O-O-O Be7 11. Re1 O-O 12. Nge2 Ne8 13. Bxe7 Qxe7 14. h4 Nd6
15. g4 Ne4 16. Ng3 Qf6 17. Ncxe4 dxe4 18. Nxe4 Qf4+ 19. Kb1 Rad8 20. g5 h5 21.
Ng3 g6 22. Re4 Qc7 23. Qe2 Qc8 24. Re1 Nb6 25. f4 Qg4 26. Qxg4 hxg4 27. f5 Nc4
28. Rxg4 Rd6 29. c3 Nb6 30. Rf1 Nd5 31. Re4 Rd7 32. c4 Ne7 33. f6 Nc8 34. c5 Rfd8
35. Rd1 a6 36. Kc2 Na7 37. a4 Kf8 38. Kc3 a5 39. Rh1 Rd5 40. Nf1 Rf5 41. Ne3 Rf3
42. h5 Ke8 1-0

[Event "Druzynowe Mistrzostw Polski Juniorow - II Liga"]
[Site "Wroclaw"]
[Date "1899-12-30"]
[Round "5.26"]
[White "Kraczek, Cezary"]
[Black "Smetek, Michal"]
[Result "1/2-1/2"]
[WhiteTitle "I"]
[BlackTitle "I+"]
[WhiteElo "1657"]
[BlackElo "1735"]

1. Nc3 d5 2. d4 Nf6 3. Bf4 Bf5 4. e3 e6 5. a3 c5 6. Bb5+ Nc6 7. Nf3 Nd7 8. O-O
Be7 9. dxc5 Bxc5 10. Nd4 Nxd4 11. exd4 Be7 12. Re1 O-O 13. Bd3 Bxd3 14. Qxd3 Rc8
15. Nd1 Nf6 16. Ne3 h6 17. h3 Bd6 18. Be5 Bxe5 19. dxe5 Nd7 20. Ng4 h5 21. Nh2
g6 22. Nf3 Kg7 23. Re2 Qb6 24. Rb1 Rc4 25. c3 Nc5 26. Qc2 Qb3 27. Qc1 Qb6 28.
Nd2 Nb3 29. Nxb3 Qxb3 30. Qe3 Re4 31. Qd2 Rxe2 32. Qxe2 Qa4 33. Rd1 Rc8 1/2-1/2

[Event "Druzynowe Mistrzostw Polski Juniorow - II Liga"]
[Site "Wroclaw"]
[Date "1899-12-30"]
[Round "5.27"]
[White "Leszczewicz, Karol"]
[Black "Rosc, Ignacy"]
[Result "1/2-1/2"]
[WhiteTitle "I+"]
[BlackTitle "II+"]
[WhiteElo "1519"]
[BlackElo "1527"]

1. d4 d5 2. c4 c6 3. Nf3 Nf6 4. Nc3 dxc4 5. a4 Bf5 6. e3 e6 7. Bxc4 Bb4 8. O-O
Nbd7 9. Qe2 O-O 10. Rd1 Ne4 11. Nxe4 Bxe4 12. Bd2 Bxf3 13. Qxf3 Bxd2 14. Rxd2
Ne5 15. Qe2 Nxc4 16. Qxc4 Qc7 17. b4 Rac8 18. Rc1 Qd7 19. Rdc2 Rc7 20. Qc5 Ra8
21. h3 h6 22. Rb1 Qd5 23. Qxd5 exd5 24. b5 Rac8 25. bxc6 bxc6 26. Rc5 Kf8 27.
Kf1 Ke7 28. Ke2 Kd6 29. Kd3 Re7 30. a5 Rcc7 31. a6 Rcd7 1/2-1/2

[Event "Druzynowe Mistrzostw Polski Juniorow - II Liga"]
[Site "Wroclaw"]
[Date "1899-12-30"]
[Round "5.28"]
[White "Bauer, Maja"]
[Black "Krogulski, Maksymilian"]
[Result "0-1"]
[WhiteTitle "I"]
[BlackTitle "I"]
[WhiteElo "1372"]
[BlackElo "1584"]

1. e4 c5 2. Nf3 Nc6 3. d4 cxd4 4. Nxd4 Qb6 5. Nb3 Nf6 6. Nc3 e6 7. Be3 Qc7 8. f3
Bb4 9. Qd2 d5 10. a3 Bxc3 11. Qxc3 dxe4 12. fxe4 O-O 13. Bd3 Ng4 14. Bc5 Rd8 15.
O-O-O b6 16. Bd4 Qf4+ 17. Kb1 Nxd4 18. Nxd4 Bb7 19. Ne2 Qe5 20. Qxe5 Nxe5 21.
h3 Nxd3 22. cxd3 Ba6 23. Nc1 Rd4 24. Rhe1 Rad8 25. Re3 e5 26. Kc2 Bb5 27. Kd2
f6 28. Ke2 a5 29. b3 Rc8 30. Na2 f5 31. exf5 e4 32. Rc1 exd3+ 33. Kd2 Rxc1 34.
Nxc1 Rf4 35. g4 Rf2+ 36. Kd1 a4 37. Nxd3 Ra2 38. Ne5 Rxa3 39. Rc3 Kf8 40. Rc8+
Ke7 41. bxa4 Bxa4+ 42. Kd2 Rxh3 43. Ra8 Bb3 44. Rb8 Kd6 45. Re8 Rg3 46. Ke2 Bd5
47. Kf2 Rg2+ 48. Ke3 Ra2 49. Kf4 Ra4+ 50. Kg5 Ra8 51. Nc4+ Kc5 52. Rxa8 Bxa8 53.
Na3 Be4 54. Kf4 Bd3 55. Ke3 Ba6 56. g5 Bc8 57. f6 gxf6 58. gxf6 Be6 59. Kf4 Bf7
60. Kg5 h5 61. Nc2 b5 62. Ne1 Kd4 63. Nf3+ Ke4 64. Nd2+ Ke3 65. Nf1+ Kd3 66. Ng3
b4 67. Nxh5 b3 68. Nf4+ Kd2 69. Kh6 b2 70. Kg7 Bc4 71. Ng6 b1=Q 72. Ne5 Qg1+ 73.
Ng6 Bd3 74. f7 Qxg6+ 75. Kf8 Bc4 76. Ke8 Qxf7+ 77. Kd8 Qb7 78. Ke8 Qc7 79. Kf8
Qf7# 0-1

[Event "Druzynowe Mistrzostw Polski Juniorow - II Liga"]
[Site "Wroclaw"]
[Date "1899-12-30"]
[Round "5.29"]
[White "Zybrant, Sandra"]
[Black "Fic, Joanna"]
[Result "1-0"]
[WhiteTitle "I"]
[BlackTitle "II+"]
[WhiteElo "1354"]
[BlackElo "1057"]

1. e4 c5 2. Nf3 a6 3. d4 cxd4 4. Qxd4 Nc6 5. Qd1 d6 6. c4 e5 7. Nc3 Be7 8. Be2
f5 9. exf5 Bxf5 10. a3 Nf6 11. h3 O-O 12. Be3 Rc8 13. Nd5 Be4 14. Nb6 Rb8 15.
Ng5 Qe8 16. Nxe4 Nxe4 17. Qd5+ Kh8 18. Qxe4 Rd8 19. Bd3 g6 20. h4 Qf7 21. O-O-O
Bf6 22. Nd5 Qg7 23. Nxf6 Rxf6 24. Bg5 Rxf2 25. h5 Nd4 26. hxg6 Nb3+ 27. Kb1 Kg8
28. gxh7+ Kh8 29. Qg6 Qxg6 30. Bxg6 Rd7 31. Be4 Rg7 32. Be3 Re2 33. Rxd6 Rxe3
34. Rd8+ Rg8 35. Rxg8# 1-0

[Event "Druzynowe Mistrzostw Polski Juniorow - II Liga"]
[Site "Wroclaw"]
[Date "1899-12-30"]
[Round "5.30"]
[White "Kucia, Kinga"]
[Black "Czarkowska, Dalia"]
[Result "0-1"]
[WhiteTitle "I"]
[BlackTitle "I"]
[WhiteElo "1208"]
[BlackElo "1085"]

1. d4 d5 2. c4 c6 3. Nf3 Nf6 4. e3 Bf5 5. Nc3 e6 6. a3 Be7 7. cxd5 cxd5 8. Bd3
Bxd3 9. Qxd3 O-O 10. O-O Nbd7 11. Bd2 Rc8 12. Rac1 Nb6 13. Nb5 Rxc1 14. Rxc1 Nc4
15. Rb1 a6 16. Nc3 Qc7 17. Bc1 Rc8 18. Ne2 Ne4 19. Nd2 f5 20. f3 Nf6 21. Nxc4
Qxc4 22. Qxc4 dxc4 23. Nc3 Nd5 24. Nxd5 exd5 25. Bd2 Kf7 26. Bc3 Rc6 27. Re1 Re6
28. g3 h6 29. Kg2 g5 30. h3 h5 31. Kg1 g4 32. hxg4 hxg4 33. fxg4 fxg4 34. Rf1+
Rf6 35. Rf4 Rxf4 36. gxf4 Kg6 37. Kg2 Bh4 38. Kf1 b5 39. Bb4 Kf5 40. Bd2 Ke4 41.
Be1 Bxe1 42. Kxe1 a5 43. Kf2 b4 44. axb4 axb4 45. Kg3 c3 46. bxc3 bxc3 47. Kxg4
c2 0-1

[Event "Druzynowe Mistrzostw Polski Juniorow - II Liga"]
[Site "Wroclaw"]
[Date "1899-12-30"]
[Round "5.31"]
[White "Madajczak, Piotr"]
[Black "May, Jakub"]
[Result "1-0"]
[WhiteTitle "I+"]
[BlackTitle "II"]
[WhiteElo "1925"]
[BlackElo "1271"]

1. d4 g6 2. c4 Bg7 3. e4 d6 4. Nc3 Nf6 5. Nge2 O-O 6. Ng3 e5 7. d5 Nbd7 8. Be2
Nb6 9. h4 h5 10. Bg5 a6 11. b3 Qe8 12. Qd2 Kh7 13. Nf1 Rh8 14. f3 Kg8 15. Nh2
Bd7 16. g4 Kf8 17. a3 Qc8 18. Rg1 Qe8 19. Bd3 Qc8 20. Qg2 c6 21. dxc6 bxc6 22.
c5 dxc5 23. Be3 Ke8 24. Bxc5 Rb8 25. g5 Ng8 26. Bd6 Ra8 27. Qf2 Qd8 28. Bc5 Be6
29. Bxb6 Qxd3 30. Qc5 Ne7 31. Rd1 Qc2 32. Rd2 Qxb3 33. Kf2 Bf8 34. Rgd1 1-0

[Event "Druzynowe Mistrzostw Polski Juniorow - II Liga"]
[Site "Wroclaw"]
[Date "1899-12-30"]
[Round "5.32"]
[White "Rychlik, Michal"]
[Black "Demski, Michal"]
[Result "0-1"]
[WhiteTitle "II"]
[BlackTitle "I+"]
[WhiteElo "1354"]
[BlackElo "1737"]

1. e4 d6 2. d4 Nf6 3. Nd2 Nbd7 4. Ngf3 e5 5. c3 Be7 6. Bd3 O-O 7. O-O c6 8. Re1
a5 9. dxe5 dxe5 10. Nc4 Qc7 11. a4 Rd8 12. Qc2 h6 13. Bd2 Nc5 14. Ncxe5 Bd6 15.
b4 axb4 16. cxb4 Bxe5 17. Nxe5 Nxd3 18. Nxd3 Qd6 19. Ra3 Qd4 20. Be3 Qxe4 21.
Bb6 Rxd3 22. Rxe4 Rxa3 23. Re1 R3xa4 24. Ba5 Ra3 25. Rd1 Be6 26. Qb2 Ra2 27. Qb1
Re2 28. Qd3 Re5 29. Qg3 Rd5 30. Rc1 Ne4 31. Qc7 Nd6 32. Qb6 Rb5 33. Qd4 Nf5 34.
Qd3 b6 35. Rxc6 Rd5 36. Qf1 bxa5 37. b5 Nd4 38. Ra6 Rad8 39. h3 Nf3+ 40. gxf3
Rd1 41. Rxa5 Rxf1+ 42. Kxf1 Bxh3+ 43. Ke2 Rb8 0-1

[Event "Druzynowe Mistrzostw Polski Juniorow - II Liga"]
[Site "Wroclaw"]
[Date "1899-12-30"]
[Round "5.33"]
[White "Grobelny, Mikolaj"]
[Black "Kolendo, Tymon"]
[Result "1-0"]
[WhiteTitle "I"]
[BlackTitle "III"]
[WhiteElo "1504"]
[BlackElo "1126"]

1. e4 e6 2. c4 d5 3. exd5 exd5 4. cxd5 Nf6 5. Bb5+ Bd7 6. Bc4 Bd6 7. Nf3 O-O 8.
O-O Bg4 9. Qb3 Bxf3 10. Qxf3 Nbd7 11. d4 Nb6 12. Bb3 h6 13. Nc3 Qd7 14. Bxh6 Bxh2+
15. Kxh2 Ng4+ 16. Kg1 Nxh6 17. Rfe1 Nf5 18. Re4 Rfe8 19. Rf4 g6 20. Ne4 Qe7 21.
Rd1 Rad8 22. Nc5 Rb8 23. Ne4 Rbd8 24. Rg4 Kf8 25. Qh3 Kg7 26. Qf3 Kf8 27. Ng5
Nh6 28. d6 Rxd6 29. Bxf7 Nxf7 30. Nxf7 Rf6 31. Ne5 Kg7 32. Qg3 Qe6 33. Re1 Rd8
34. Nf3 Qf7 35. Rge4 Nd5 36. Ng5 Qg8 37. Ne6+ Rxe6 38. Rxe6 Qf7 39. Qe5+ Kh7 40.
Re4 c6 41. Rh4+ 1-0

[Event "Druzynowe Mistrzostw Polski Juniorow - II Liga"]
[Site "Wroclaw"]
[Date "1899-12-30"]
[Round "5.35"]
[White "Jedrzejko, Martyna"]
[Black "Lazniewska, Zofia"]
[Result "1-0"]
[WhiteTitle "I+"]
[BlackTitle "I+"]
[WhiteElo "1533"]
[BlackElo "1561"]

1. e4 c5 2. c3 d5 3. exd5 Qxd5 4. d4 Nf6 5. Nf3 Bg4 6. Nbd2 e6 7. Qa4+ Nc6 8. Ne5
cxd4 9. Nxc6 bxc6 10. Qxd4 Qxd4 11. cxd4 Rd8 12. f3 Bf5 13. Nb3 Nd5 14. a3 Bd6
15. Na5 Ne7 16. Nb7 Rd7 17. Nxd6+ Rxd6 18. Be3 Nd5 19. Bf2 Ke7 20. Rc1 Nb6 21.
Ba6 Rhd8 22. O-O f6 23. Rfe1 Bg6 24. h3 Be8 25. Bb7 Kf7 26. Re2 Nc8 27. Rec2 Ne7
28. Rc5 Rd5 29. b4 Rxc5 30. Rxc5 Rb8 31. Ba6 Nd5 32. Bg3 Rd8 33. Bf2 Rb8 34. Kf1
Bd7 35. Bg3 Rb6 36. Bd3 g6 37. Ke2 Ke7 38. Ra5 Rb7 39. Kd2 Be8 40. Ba6 Rb6 41.
Bc8 Bf7 42. Rxa7+ Ke8 43. Bd6 g5 44. Ra8 Bg8 45. Bxe6+ 1-0

[Event "Druzynowe Mistrzostw Polski Juniorow - II Liga"]
[Site "Wroclaw"]
[Date "1899-12-30"]
[Round "5.36"]
[White "Michalska, Lena"]
[Black "Rzadkowska, Kaja"]
[Result "1-0"]
[WhiteTitle "I"]
[BlackTitle "I"]
[WhiteElo "1324"]
[BlackElo "1216"]

1. Nf3 d5 2. b3 c5 3. Bb2 e6 4. e3 Nf6 5. d4 Bd6 6. c4 O-O 7. Nc3 Nc6 8. Be2 a6
9. cxd5 exd5 10. dxc5 Bxc5 11. O-O Bg4 12. Rc1 Qd6 13. h3 Bh5 14. Nd4 Bg6 15.
Nb1 Rfe8 16. Nxc6 bxc6 17. Bd3 Ne4 18. Qc2 Nxf2 19. Bxg6 Bxe3 20. Bxh7+ Kh8 21.
Rxf2 Qf4 22. Bd3 Qg3 23. Bf5 d4 24. Rcf1 Rad8 25. Qd1 d3 26. Qh5+ Kg8 27. Bh7+
Kh8 28. Bg6+ Bh6 29. Qxh6+ Kg8 30. Qxg7# 1-0

[Event "Druzynowe Mistrzostw Polski Juniorow - II Liga"]
[Site "Wroclaw"]
[Date "1899-12-30"]
[Round "5.37"]
[White "Malik, Maciej"]
[Black "Wnek, Filip"]
[Result "0-1"]
[WhiteTitle "I++"]
[BlackTitle "I++"]
[WhiteElo "1984"]
[BlackElo "2032"]

1. d4 d6 2. Nf3 f5 3. e3 Nf6 4. Bd3 g6 5. b3 Bg7 6. Bb2 O-O 7. Nbd2 Qe8 8. O-O
Nc6 9. Re1 e5 10. dxe5 dxe5 11. e4 f4 12. Ba3 h6 13. Bxf8 Bxf8 14. Bb5 a6 15.
Bxc6 bxc6 16. Nc4 Nd7 17. Qd2 g5 18. Qc3 Bg7 19. Na5 c5 20. Red1 Bf6 21. Rd3 Rb8
22. Rad1 g4 23. Ne1 Rb6 24. Qc4+ Re6 25. Qa4 Nb6 26. Qxe8+ Rxe8 27. Rc3 Be7 28.
Nd3 Nd7 29. b4 cxb4 30. Rxc7 Nf6 31. Nxe5 Nxe4 32. Nec4 Bc5 33. Kf1 Bxf2 34. Nd6
Nxd6 35. Kxf2 Ne4+ 36. Kf1 f3 37. Nc6 Be6 38. Rd4 Bc4+ 39. Rxc4 Nd2+ 40. Kf2 Re2+
41. Kg3 Rxg2+ 42. Kh4 Nxc4 43. Ne7+ Kf7 44. Nd5+ Ke6 45. Nf4+ Kf5 46. Rf7+ Ke4
47. Nd3 Ne3 48. Rf4+ Kd5 49. Rxb4 Rxh2+ 50. Kg3 Rg2+ 51. Kf4 Nxc2 52. Ra4 a5 53.
Rxa5+ Kd4 54. Nf2 Rxf2 55. Kxg4 Ke4 56. Ra8 Rg2+ 57. Kh3 Nd4 58. Re8+ Kf4 59.
Re1 f2 60. Rf1 Rg3+ 0-1

[Event "Druzynowe Mistrzostw Polski Juniorow - II Liga"]
[Site "Wroclaw"]
[Date "1899-12-30"]
[Round "5.38"]
[White "Rainer, Piotr"]
[Black "Karut, Kacper"]
[Result "1-0"]
[WhiteTitle "I"]
[BlackTitle "I"]
[WhiteElo "1709"]
[BlackElo "1835"]

1. e4 c5 2. Nf3 d6 3. d4 cxd4 4. Nxd4 Nf6 5. Nc3 Nc6 6. Be2 e5 7. Nf3 h6 8. O-O
Be7 9. Re1 O-O 10. h3 Be6 11. Bf1 Qa5 12. Nb5 a6 13. Nxd6 Qb4 14. Nf5 Bxf5 15.
exf5 e4 16. c3 Qa5 17. Nd4 Nxd4 18. Qxd4 Qxf5 19. Be3 Rfd8 20. Qa4 Bc5 21. Qc2
Bxe3 22. Rxe3 Qc5 23. Rae1 Rd6 24. a4 Rad8 25. b4 Qf5 26. R3e2 Qg5 27. Qc1 Rd2
28. h4 Qd5 29. c4 Qd4 30. Rxd2 Qxd2 31. Qxd2 Rxd2 32. Rc1 Nd7 33. c5 Rd4 34. b5
Rxa4 35. c6 bxc6 36. bxc6 Nb6 37. c7 Nc8 38. Rd1 Kh7 39. Rd8 Nb6 40. Rb8 Ra1 41.
Rxb6 Rc1 42. Rxa6 Rxc7 43. Ra4 f5 44. Rc4 Rxc4 45. Bxc4 g5 46. hxg5 hxg5 47. Kf1
Kg6 48. Ke2 Kf6 49. Ba6 Ke5 50. Bc8 f4 51. Bg4 Kd4 52. Kd2 Kc4 53. Bf5 Kd4 54.
Bh7 Ke5 55. Kc3 Kd5 56. Bg6 Ke5 57. Kc4 f3 58. g3 e3 59. fxe3 f2 60. Bd3 f1=Q
61. Bxf1 Ke4 62. g4 Kxe3 63. Kd5 Kf3 64. Be2+ Kxe2 65. Ke5 1-0

[Event "Druzynowe Mistrzostw Polski Juniorow - II Liga"]
[Site "Wroclaw"]
[Date "1899-12-30"]
[Round "5.39"]
[White "Pycinski, Wladyslaw"]
[Black "Micula, Jakub"]
[Result "1-0"]
[WhiteTitle "I"]
[BlackTitle "I"]
[WhiteElo "1701"]
[BlackElo "1623"]

1. d4 f5 2. Nf3 Nf6 3. g3 g6 4. Bg2 Bg7 5. O-O O-O 6. c4 d6 7. b3 Qe8 8. Bb2 Ng4
9. Qd2 Nc6 10. d5 Nce5 11. Nd4 Bh6 12. e3 a6 13. Nc3 g5 14. h3 Nf6 15. f4 gxf4
16. exf4 Qg6 17. Nde2 Nh5 18. Kh2 Rf7 19. Qc2 Nd7 20. Nb1 Ndf6 21. Nd2 Rg7 22.
Qd3 Bd7 23. Rf3 Re8 24. Rg1 e5 25. dxe6 Bc6 26. Rf2 Bxg2 27. Rgxg2 Rge7 28. g4
fxg4 29. Qxg6+ hxg6 30. hxg4 1-0

[Event "Druzynowe Mistrzostw Polski Juniorow - II Liga"]
[Site "Wroclaw"]
[Date "1899-12-30"]
[Round "5.40"]
[White "Kozak, Karol"]
[Black "Tim, Wojciech"]
[Result "1/2-1/2"]
[WhiteTitle "I"]
[BlackTitle "II"]
[WhiteElo "1490"]
[BlackElo "1300"]

1. e4 e6 2. d4 d5 3. Nc3 dxe4 4. Nxe4 Bd7 5. Nf3 Bc6 6. Bd3 Nd7 7. O-O Ngf6 8.
Re1 Be7 9. Qe2 Nxe4 10. Bxe4 Bxe4 11. Qxe4 c6 12. c4 Nf6 13. Qe2 O-O 14. Bd2 Qb6
15. Bc3 Bb4 16. Bxb4 Qxb4 17. Rad1 Rad8 18. Qc2 c5 19. a3 Qb6 20. dxc5 Qxc5 21.
b4 Qc7 22. h3 Rc8 23. Rc1 Rfd8 24. Red1 h6 25. Rxd8+ Rxd8 26. c5 Rc8 27. Qa4 a6
28. Rd1 Nd5 29. Qb3 a5 30. bxa5 Qxa5 31. Qxb7 Rxc5 32. Qb8+ Kh7 33. Qf8 Rc7 34.
Rb1 Qc5 35. Qxc5 Rxc5 1/2-1/2